000
00306nam a22001337a 4500
082
_a
370.73 264 097 3 GAF
100
_a
GAF, J.G
245
_a
TOWARD FACULTY RENEWAL
260
_a
LONDON
_b
JOSSEY
_c
1976
300
_a
XV.244P,
_b
25CM
500
_a
INCLUDE
650
_a
TOWARD FACULTY RENEWAL
942
_c
BK
999
_c
13382
_d
13382